Normal view MARC view

Entry Personal Name

Number of records used in: 1

001 - CONTROL NUMBER

  • control field: 3283

003 - CONTROL NUMBER IDENTIFIER

  • control field: OSt

005 - DATE AND TIME OF LATEST TRANSACTION

  • control field: 20190313144955.0

008 - FIXED-LENGTH DATA ELEMENTS

  • fixed length control field: 190313|| aca||aabn | a|a d

040 ## - CATALOGING SOURCE

  • Original cataloging agency: OSt
  • Transcribing agency: OSt

100 ## - HEADING--PERSONAL NAME

  • Personal name: Tripura. Directorate of Statistics

670 ## - SOURCE DATA FOUND

  • Source citation: Work cat.: (OSt): Tripura. Directorate of Statistics, Some basic statistics of Tripura 1988-1992

Powered by Koha